00387ntaaa2200145 45000030003000000050017000030080021000200400037000410820017000781000021000952450045001162500046001613000011002076500023002180120251027201937.00714s1973 ag 01  aAR-BaBNbspacAR-BaBNeaacrdRIC a245.0000 P16 aPaine, Silas H.  aStories of the Great Hymns of the Church a1 ed. : bFlexo Printing Company, cc1926 a795 p. aHistoria de Himnos